| 000 | 00438nam a2200169Ia 4500 | ||
|---|---|---|---|
| 999 |
_c92576 _d92576 |
||
| 003 | 0100 | ||
| 005 | 20170428115337.0 | ||
| 008 | 130307s9999 xx 000 0 und d | ||
| 040 | _cARRUPELIB | ||
| 050 | _aDT450.64M39 1998 | ||
| 100 |
_aMayugi, Nicolas _930190 |
||
| 245 | _aLa memoire vigilante et l'interethnique resistante pour une lutte rigoureuse contre le genocide | ||
| 260 |
_aBujumbura _c1998 |
||
| 300 | _a126p. | ||
| 300 | _b21cm. | ||
| 650 |
_aGenocide _zBurundi _930191 |
||
| 942 | 0 | 0 |
_010 _2lcc _cMONOGRAPH |